000 002390000a22000970004500
100 1 _aCouchman, David
245 1 0 _aUnderstanding the times
300 _aVol.23, núm.2 (Junio-Agosto, 2005), Páginas 47-53
773 0 _tEvangel
942 _cANA
999 _c60536
_d60536